| 000 | 00850nam a2200241 a 4500 | ||
|---|---|---|---|
| 001 | BRL_674 | ||
| 005 | 20190320210840.0 | ||
| 008 | 230913s1983----mx-ao#####---#000-0#spa-# | ||
| 041 | _aspa | ||
| 044 | _amx | ||
| 050 | 4 |
_aTR820 _b.A98 1983 |
|
| 245 | 1 | 0 |
_aH. Ayuntamiento popular de Juchitan _cFotografías de Rafael Doniz ; Prólogo de Carlos Monsivais |
| 260 |
_aMéxico _bH. Ayuntamiento Popular de Juchitán _c1983 |
||
| 300 |
_a111 p. _bil., láminas _c25 cm. |
||
| 500 | _aAu737 | ||
| 650 | 1 | 4 |
_aMovimientos sociales _zJuchitán de Zaragoza (México) _924608 |
| 651 | 4 |
_aJuchitán de Zaragoza (México) _xPolítica y gobierno _924609 |
|
| 651 | 4 |
_aJuchitán de Zaragoza (México) _xLibros de láminas _924610 |
|
| 700 | 1 |
_aDoniz, Rafael _eil. _924611 |
|
| 700 | 1 |
_aMonsivais, Carlos _d1938-2010 _epról. _924612 |
|
| 902 | _aGRL | ||
| 942 |
_2lcc _cB |
||
| 999 |
_c9486 _d9486 |
||